| 000 | 00413nam a22001457a 4500 | ||
|---|---|---|---|
| 020 | _a9781409337355 | ||
| 040 | _cNUST | ||
| 082 | _a745.92 WEL | ||
| 100 |
_aWelford, Mark _988511 |
||
| 110 |
_aWicks, Stephen _988512 |
||
| 245 |
_a Simple Flower Arranging: _bStep By Step Designs And Techniques |
||
| 260 |
_aLONDON: _bDK Dorling Kindersley, _c2014. |
||
| 650 |
_aFlower arrangement. _988513 |
||
| 942 |
_2ddc _cBK |
||
| 999 |
_c587652 _d587652 |
||